000 00997nam a22002297a 4500
005 20100723100918.0
010 _aHIN-89794
020 _c130.00
_a9788190423236
035 _aHN-62140
037 _bDBAD/PUB
082 _a
100 _aविजय
_9959
245 _aसीमेंट नगर /
_cविजय
246 _aSiment Nagar
_bby Vijay
260 _aदिल्ली
_bसुहानी बुक्स
_c2009
270 _aसी-37,ग्राउंड फ्लोर (ब्लॉक सी), गणेश नगर, पांडवनगर कॉम्पलेक्स
_bदिल्ली
_e110092
300 _a264पृ.
_b22सेमी (सजिल्द)
650 _aहिन्दी कथा साहित्य
_9657
650 _aHindi Katha Sahitya
_9658
942 _2ddc
_cHN
_h
_mविजय
999 _c37365
_d37365